[Event "American Continental 10th"]
[Site "Praia da Pipa"]
[Date "2014.10.25"]
[Round "10"]
[White "Vieira, Erico Vinicius Dua"]
[Black "Lucena, Helianto dos Santos"]
[Result "1-0"]
[WhiteElo "1520"]
[BlackElo "1846"]
[PlyCount "88"]
[EventDate "2014.10.18"]
[EventType "swiss"]
[EventRounds "11"]
[EventCountry "BRA"]
[SourceTitle "EXT 2015"]
[Source "ChessBase"]
[SourceDate "2014.11.20"]
[SourceVersion "1"]
[SourceVersionDate "2014.11.20"]
[SourceQuality "1"]

1. d4 g6 2. c4 d6 3. Nc3 Bg7 4. e4 Nf6 5. Bd3 0-0 6. h3 e5 7. d5 c6 8. Nge2 cxd5 9. cxd5 Nbd7 10. Bc2 a5 11. Bg5 Qb6 12. Rb1 h6 13. Be3 Qd8 14. Qd2 Kh7 15. a3 Nb6 16. b3 Bd7 17. 0-0 Rc8 18. a4 Qc7 19. Rfc1 Ne8 20. Bd3 Qd8 21. Nb5 Rxc1+ 22. Rxc1 Nc8 23. g4 Qh4 24. Kg2 Nf6 25. f3 Ne8 26. Bf2 Qd8 27. Ng3 Bf6 28. Be3 Bg5 29. Bxg5 hxg5 30. Qc3 Qb6 31. Qd2 f6 32. Nf1 Kg7 33. Ne3 Qd8 34. Qc3 Ne7 35. Nc7 Nxc7 36. Qxc7 Qc8 37. Rc2 Kf7 38. Qxa5 Qd8 39. Rc7 Bc8 40. Bb5 Kg8 41. Qb6 Rf7 42. Nc4 Nxd5 43. Rxc8 Qxc8 44. exd5 Qc5 1-0

[Event "American Continental 10th"]
[Site "Praia da Pipa"]
[Date "2014.10.23"]
[Round "8"]
[White "Vieira, Erico Vinicius Dua"]
[Black "Feijo, Francisco Celio"]
[Result "1-0"]
[WhiteElo "1520"]
[BlackElo "1825"]
[PlyCount "85"]
[EventDate "2014.10.18"]
[EventType "swiss"]
[EventRounds "11"]
[EventCountry "BRA"]
[SourceTitle "EXT 2015"]
[Source "ChessBase"]
[SourceDate "2014.11.20"]
[SourceVersion "1"]
[SourceVersionDate "2014.11.20"]
[SourceQuality "1"]

1. d4 Nf6 2. c4 c5 3. d5 b5 4. cxb5 a6 5. b6 g6 6. Nc3 Qxb6 7. e4 d6 8. Be2 Bg7 9. Nf3 Nbd7 10. Nd2 0-0 11. Nc4 Qc7 12. Bf4 Ne8 13. 0-0 Nb6 14. Ne3 Nf6 15. a4 a5 16. Nb5 Qb8 17. Qc2 Bd7 18. Rab1 Rc8 19. b3 Ne8 20. Bg5 Nc7 21. Na3 Re8 22. Nac4 Na6 23. Nxb6 Qxb6 24. Bxa6 Qxa6 25. Nc4 Qb7 26. Qd2 Qc7 27. f4 Bd4+ 28. Kh1 e6 29. Rbe1 h6 30. Bxh6 exd5 31. exd5 Qb7 32. Rxe8+ Bxe8 33. Rf3 Qc7 34. f5 f6 35. fxg6 Bxg6 36. Rg3 Kf7 37. Bf4 Be5 38. Bxe5 fxe5 39. Qg5 Rg8 40. h4 Bh7 41. Qh5+ Bg6 42. Qf3+ Ke8 43. Qf6 1-0

[Event "American Continental 10th"]
[Site "Praia da Pipa"]
[Date "2014.10.22"]
[Round "7"]
[White "Presa, Luis Alberto Passos"]
[Black "Vieira, Erico Vinicius Dua"]
[Result "0-1"]
[WhiteElo "1701"]
[BlackElo "1520"]
[PlyCount "122"]
[EventDate "2014.10.18"]
[EventType "swiss"]
[EventRounds "11"]
[EventCountry "BRA"]
[SourceTitle "EXT 2015"]
[Source "ChessBase"]
[SourceDate "2014.11.20"]
[SourceVersion "1"]
[SourceVersionDate "2014.11.20"]
[SourceQuality "1"]

1. d4 f5 2. c4 Nf6 3. Nc3 e6 4. Nf3 Bb4 5. Bg5 h6 6. Bd2 d6 7. a3 Bxc3 8. Bxc3 Ne4 9. Qc2 Nd7 10. g3 b6 11. Bg2 Bb7 12. e3 Ndf6 13. Nd2 Qe7 14. f3 Ng5 15. 0-0-0 0-0-0 16. h4 Nf7 17. e4 g6 18. Rde1 Rhe8 19. Bh3 Qd7 20. Rhg1 Kb8 21. Bg2 Nh5 22. Bh1 g5 23. hxg5 hxg5 24. Nb3 fxe4 25. fxe4 g4 26. Qd3 Rf8 27. Bd2 Qe7 28. Qe3 e5 29. d5 Ba6 30. Qe2 Qd7 31. Be3 Rg8 32. Nd2 Rdf8 33. b3 Nd8 34. Ref1 Qg7 35. Rf5 Rxf5 36. exf5 Nf6 37. Be4 Nf7 38. Rh1 Rh8 39. Qg2 Rxh1+ 40. Qxh1 Bc8 41. Kc2 Ng5 42. Bxg5 Qxg5 43. Kd3 Bxf5 44. b4 Nxe4 45. Nxe4 Qg6 46. a4 Kb7 47. Ke3 a6 48. Kd3 b5 49. axb5 axb5 50. cxb5 Kb6 51. Ke3 Kxb5 52. Qf1+ Kxb4 53. Qb1+ Ka5 54. Qa2+ Kb6 55. Qb3+ Ka7 56. Qa4+ Kb8 57. Qb5+ Kc8 58. Qa6+ Kd8 59. Nc3 Qh6+ 60. Kf2 Qh2+ 61. Kf1 Qxg3 0-1